[Event "AUTO-OPEN-4624"]
[Site "http://www.queenalice.com/game.php?id=1865610"]
[Date "2025.11.15"]
[Round "1"]
[White "IranSilva"]
[Black "cerenzo72"]
[Result "0-1"]
[WhiteElo "2205"]
[BlackElo "2121"]

1. Nf3 Nf6 2. g3 c5 3. Bg2 Nc6 4. O-O g6 5. c3 Bg7 6. d4 cxd4 7. cxd4 d5 8. Nc3
O-O 9. Bf4 Nh5 10. Bg5 h6 11. Be3 e6 12. Rc1 f5 13. a3 f4 14. gxf4 Nxf4 15. Bxf4
Rxf4 16. e3 Rf8 17. Na4 Qe7 18. Nc5 b6 19. Nd3 Bb7 20. Nf4 Qf7 21. Qd3 e5 22.
dxe5 Nxe5 23. Nxe5 Bxe5 24. Nxg6 Bxb2 25. Nxf8 Bxc1 26. Rxc1 Rxf8 27. Rc2 Qg7
28. Qc3 d4 29. Qc4+ Rf7 30. f3 dxe3 31. Qg4 Kh7 32. Qxg7+ Rxg7 33. Kf1 Ba6+ 34.
Kg1 e2 35. Rc1 Rd7 36. Kf2 Rd1 37. Rc7+ Kg6 38. Re7 Rf1+ 0-1

[Event "AUTO-OPEN-4624"]
[Site "http://www.queenalice.com/game.php?id=1865611"]
[Date "2025.11.15"]
[Round "1"]
[White "cerenzo72"]
[Black "IranSilva"]
[Result "0-1"]
[WhiteElo "2139"]
[BlackElo "2217"]

1. c4 b6 2. Nc3 Bb7 3. d4 e6 4. e4 d6 5. Nf3 Nd7 6. b4 c5 7. bxc5 dxc5 8. d5
exd5 9. cxd5 Bd6 10. Bb2 Ne7 11. Nb5 Bf4 12. Bxg7 Rg8 13. Bb2 a6 14. Nc3 Ne5 15.
Nxe5 Bxe5 16. Qh5 Ng6 17. Na4 Bxb2 18. Nxb2 Qf6 19. Qe2 O-O-O 20. g3 Rge8 21.
Bg2 Bxd5 22. O-O Bb7 23. Nc4 Rd4 24. Rab1 b5 25. e5 Nxe5 26. Bxb7+ Kxb7 27. Nxe5
Qxe5 28. Qf3+ Qd5 29. Qxd5+ Rxd5 30. Rb2 c4 31. Rc1 Kc6 32. Rbc2 Rde5 33. Kg2
Re2 34. Kf3 Rxc2 35. Rxc2 Kc5 36. Kg4 b4 37. f4 a5 38. f5 a4 39. Kg5 b3 40. axb3
axb3 41. Rb2 Kb4 42. Kf6 c3 43. Rg2 b2 0-1